000 00292nam a2200109Ia 4500
008 230320s9999||||xx |||||||||||||| ||spa||
082 _a343.04/V79
100 _aVillegas, Héctor Belisario
245 0 _aCurso De Finanzas, Derecho Financiero Y Tributario
260 _bAstrea
942 _80
_cLIB
999 _c49223
_d49223